Witamy w Bibliotece Naukowej Instytutu Łączności!

Technical Aspects of Data Communication / (Rekord nr 7985)

000 -LEADER
fixed length control field 00372 a2200121 4500
020 ## - INTERNATIONAL STANDARD BOOK NUMBER
International Standard Book Number 1555580076
100 1# - MAIN ENTRY--PERSONAL NAME
Personal name McNamara, John E..
Relator term Autor
245 0# - TITLE STATEMENT
Title Technical Aspects of Data Communication /
Statement of responsibility, etc McNamara John E..
250 ## - EDITION STATEMENT
Edition statement 3 edition.
260 ## - PUBLICATION, DISTRIBUTION, ETC. (IMPRINT)
Place of publication, distribution, etc Bedford,Ma :
Name of publisher, distributor, etc Digital Press,
Date of publication, distribution, etc 1988.
300 ## - PHYSICAL DESCRIPTION
Extent 383 s.:
Other physical details il.;
Dimensions 24 cm.
710 2# - ADDED ENTRY--CORPORATE NAME
Corporate name or jurisdiction name as entry element Digital Press.
Relator term Wydawca
Relator code pbl
920 ## -
-- 1-55558-007-6
Egzemplarze
Withdrawn status Lost status Source of classification or shelving scheme Damaged status Not for loan Permanent Location Current Location Shelving location Date acquired Cost, normal purchase price Inventory number Full call number Barcode Date last seen Price effective from Koha item type
          Instytut Łączności Instytut Łączności Magazyn 1989-06-05 0.00 36357 36357 36357 2022-07-22 2017-11-30 Książki

Działa dzięki Koha